|
|
|
|
| LEADER |
00650nam a22001811a 4500 |
| 020 |
|
|
|c 0.00
|
| 040 |
|
|
|a SSUS - Library - Kalady
|
| 082 |
|
|
|a M 418.02
|b N97
|
| 100 |
|
|
|a Jaya Sukumaran
|
| 245 |
|
|
|a Tharjjama sidhaanthavum prayogavum malayaalathil
|h [Text]
|
| 260 |
|
|
|a Changanachery
|b Association for Comparative Studies
|c 1997
|
| 300 |
|
|
|a 260p.
|
| 500 |
|
|
|a Jaya sukumaran
|
| 600 |
|
|
|a Translation Techniques
|
| 852 |
|
|
|k CD Library
|h M 418.02
|i N97
|p CD659
|9 100.00
|t 0
|
| 942 |
|
|
|c CDL
|
| 999 |
|
|
|c 46604
|d 46604
|
| 952 |
|
|
|0 0
|1 0
|4 0
|6 CD_M_418_020000000000000_N97
|7 0
|9 67414
|a SSUS
|b SSUS
|d 2015-01-08
|g 100.00
|o CD M 418.02 N97
|p CD659
|r 2015-01-08
|v 0.00
|w 2015-01-08
|y CDL
|